Tuồng cổ; T1

Saved in:
Bibliographic Details
Main Author: Hoàng Châu Ký
Format: Book
Language:Undetermined
Published: Hà Nội Văn Hóa 1978
Subjects:
Tags: Add Tag
No Tags, Be the first to tag this record!
Institutions: Trung tâm Học liệu Trường Đại học Cần Thơ
LEADER 00483nam a2200181Ia 4500
001 CTU_9734
008 210402s9999 xx 000 0 und d
082 |a 790.209 
082 |b K600t/T1 
100 |a Hoàng Châu Ký 
245 0 |a Tuồng cổ; T1 
245 0 |c Hoàng Châu Ký 
260 |a Hà Nội 
260 |b Văn Hóa 
260 |c 1978 
650 |a theaters - vietnam 
904 |i Minh, 961001 
980 |a Trung tâm Học liệu Trường Đại học Cần Thơ